[Event "Hoogovens"]
[Site "Wijk aan Zee"]
[Date "1978.??.??"]
[Round "?"]
[White "Kortschnoj, Viktor"]
[Black "Najdorf, Miguel"]
[Result "1-0"]
[WhiteElo "2665"]
[BlackElo "2525"]

1.Nf3 Nf6 2.c4 c5 3.g3 g6 4.Bg2 Bg7 5.d4 cxd4 6.Nxd4 Nc6 7.Nc2 d6 8.Nc3 Be6
9.b3 Qd7 10.Nd5 O-O 11.Bb2 Nxd5 12.Bxg7 Ne3 13.Nxe3 Kxg7 14.h4 h5 15.Nd5 Bxd5
16.Qxd5 Qe6 17.Rc1 Qf6 18.Qd2 Rac8 19.O-O b6 20.Bh3 Rc7 21.Rc3 Rd8 22.Rd3 a5
23.Rd1 Nb4 24.Rd4 Rb8 25.a3 Nc6 26.Rf4 Qe5 27.Bg2 Nd8 28.Bd5 Rc5 29.Rd4 b5
30.cxb5 Rbxb5 31.Bc4 Rb8 32.Rd5 Rxd5 33.Qxd5 Qxd5 34.Rxd5 Ra8 35.Kg2 Ne6
36.Rb5 Nd4 37.Rb7 Kf6 38.Bd3 Rc8 39.b4 axb4 40.axb4 Rc3 41.f3 d5 42.Rb6+ Kg7
43.b5 Rb3 44.Kf2 Rb2 45.f4 Nb3 46.Ke3 e6 47.Rc6 Na5 48.Kd4 Kf6 49.Ra6 Nc4
50.Kc5 Ne3 51.b6 d4 52.Ra5 Ke7 53.Ra7+ Kf6 54.b7 Nd5 55.Bb5  1-0

[Event "Hoogovens"]
[Site "Wijk aan Zee"]
[Date "1978.??.??"]
[Round "?"]
[White "Kavalek, Lubomir"]
[Black "Portisch, Lajos"]
[Result "1/2-1/2"]
[WhiteElo "2570"]
[BlackElo "2630"]

1.e4 e6 2.d4 d5 3.Nd2 c5 4.Ngf3 Nc6 5.exd5 exd5 6.Bb5 Bd6 7.dxc5 Bxc5 8.O-O Ne7
9.c4 O-O 10.Nb3 Bd6 11.cxd5 Nb4 12.Bg5 a6 13.Be2 h6 14.Bh4 Nbxd5 15.Nfd4 Qb6
16.Bf3 Ng6 17.Bg3 Bxg3 18.hxg3 Nf6 19.Qc2 Ne5 20.Be2 Rd8 21.Rad1 Rd5 22.Nf3 Nxf3+
23.Bxf3 Rb5 24.Rd2 Bf5 25.Qd1 Be6 26.Nd4 Rxb2 27.Rxb2 Qxb2 28.Nxe6 fxe6 29.Qb1 Qa3
30.Qxb7 Rd8 31.Qb6 Rd6 32.Qb8+ Kf7 33.Qc7+ Rd7 34.Qc2 Qd3 35.Qa4 Rd4 36.Qa5 Qb5
37.Qc7+ Rd7 38.Qc2  1/2-1/2